Manual de ingeniería de la producción industrial (Registro nro. 2689)

Detalles MARC
000 -LEADER
fixed length control field 01225 a2200205 4500
001 - CONTROL NUMBER
control field 36909
005 - DATE AND TIME OF LATEST TRANSACTION
control field 20260407155641.0
008 - FIXED-LENGTH DATA ELEMENTS--GENERAL INFORMATION
fixed length control field 260407a1960 arg spa d
003 - CONTROL NUMBER IDENTIFIER
control field AR-UNSa-BCEJYS
040 ## - CATALOGING SOURCE
Original cataloging agency AR-UNSa-BCEJYS
Language of cataloging spa
Transcribing agency AR-UNSa-BCEJYS
080 ## - UNIVERSAL DECIMAL CLASSIFICATION NUMBER
Universal Decimal Classification number 658.512.2
Common auxiliary subdivision Diseño. Desarrollo, construcción de productos. Diseño industrial
100 1# - MAIN ENTRY--PERSONAL NAME
Personal name Maynard, H.B.
245 10 - TITLE STATEMENT
Title Manual de ingeniería de la producción industrial
264 #1 - PRODUCTION, PUBLICATION, DISTRIBUTION, MANUFACTURE, AND COPYRIGHT NOTICE
Place of production, publication, distribution, manufacture Barcelona :
Name of producer, publisher, distributor, manufacturer Reverté
Date of production, publication, distribution, manufacture, or copyright notice 1960
300 ## - PHYSICAL DESCRIPTION
Extent 349 p.
Dimensions 22 cm.
505 ## - FORMATTED CONTENTS NOTE
Formatted contents note Vol.I: 1. Función de la ingeniería de la producción industrial - 2. Métodos - 3. Medición de trabajo - 4. Tiempos tipos elementales predeterminados - 5. Pago de salarios - 6. Métodos de control - 7. Proyecto y medios de fabricación - 8. Otros aspectos de la ingeniería de la producción industrial -- Vol.II: 9. Nuevos temas de la ingenieria de la producción industrial - 10. Nuevas medios auxiliares del estudio de tiempos - 11. Otras posibilidades de empleo del estudio de tiempos - 12. Datos tiempos universales-Jornadas medida adiestramiento - 13. Procedimientos matemáticos y estadísticos.
590 ## - LOCAL NOTE (RLIN)
Local note niveau_biblio:m niveau_hierar:0
700 1# - ADDED ENTRY--PERSONAL NAME
Personal name Camany Arbat, José
942 ## - ADDED ENTRY ELEMENTS (KOHA)
Koha item type
Existencias
Withdrawn status Lost status Damaged status Not for loan Home library Current library Shelving location Date acquired Total checkouts Full call number Barcode Date last seen Price effective from Koha item type
        Biblioteca Prof. Eusebio Cleto del Rey Biblioteca Prof. Eusebio Cleto del Rey   07/04/2026   658.512.2 M471 v.1 L22385 07/04/2026 07/04/2026 Libro
        Biblioteca Prof. Eusebio Cleto del Rey Biblioteca Prof. Eusebio Cleto del Rey   07/04/2026   658.512.2 M471 v.1 L44134 07/04/2026 07/04/2026 Libro
        Biblioteca Prof. Eusebio Cleto del Rey Biblioteca Prof. Eusebio Cleto del Rey   07/04/2026   658.512.2 M471 v.2 L44135 07/04/2026 07/04/2026 Libro